[Event "Beth Harmon Took the Red and Blue Pill"]
[Site "SchemingMind.com"]
[Date "2020.12.07"]
[Round "-"]
[White "Steven DuCharme"]
[Black "Transcendent"]
[Result "0-1"]
[WhiteCountry "USA"]
[BlackCountry "ENG"]
[WhiteElo "1554"]
[WhiteRD "55"]
[BlackElo "1902"]
[BlackRD "78"]
[GameID "462969"]

1. g3 e5 2. Bg2 d5 3. d3 Nf6 4. Nf3 Bd6 5. O-O O-O 6. b3 Re8 7. Bb2 c5 8. Nbd2 Nc6 9. h3 Be6 10. e4 d4
11. Ng5 Bd7 12. Nc4 Bc7 13. a3 b5 14. Nd2 a5 15. c3 h6 16. Ngf3 Be6 17. cxd4 cxd4 18. Rc1 Qd7 19. Qc2 Ra6 20. Kh2 Rc8
21. Ng1 Ne7 22. f4 exf4 23. gxf4 Bxf4+ 24. Rxf4 Rxc2 25. Rxc2 Ng6 26. Rf1 Nh4 27. Rfc1 Nxg2 28. Rc7 Qd6+ 29. Kxg2 Nh5 30. Ne2 Nf4+
31. Nxf4 Qxf4 32. Nf1 Bxb3 33. R7c6 Rxc6 34. Rxc6 Bd1 35. Bxd4 Bf3+ 36. Kg1 Qg5+ 37. Kf2 Qg2+ 38. Ke3 Qe2+ 39. Kf4 Qxf1 40. Ke5 Qxd3
0-1

[Event "Beth Harmon Took the Red and Blue Pill"]
[Site "SchemingMind.com"]
[Date "2020.12.07"]
[Round "-"]
[White "Transcendent"]
[Black "Steven DuCharme"]
[Result "1-0"]
[WhiteCountry "ENG"]
[BlackCountry "USA"]
[WhiteElo "1677"]
[WhiteRD "115"]
[BlackElo "1581"]
[BlackRD "62"]
[GameID "462970"]

1. d4 Nf6 2. c4 e6 3. g3 c5 4. d5 exd5 5. cxd5 d6 6. Nc3 Be7 7. Bg2 O-O 8. Nf3 b6 9. O-O a6 10. e4 Bg4
11. a4 Nbd7 12. Qc2 Bxf3 13. Bxf3 Ne5 14. Bg2 Ng6 15. f4 Rc8 16. h3 Qd7 17. Be3 Nh5 18. Kh2 Rfe8 19. g4 Nf6 20. g5 Nh5
21. Qe2
1-0

[Event "Beth Harmon Took the Red and Blue Pill"]
[Site "SchemingMind.com"]
[Date "2020.12.28"]
[Round "-"]
[White "Steven DuCharme"]
[Black "kenneth m day"]
[Result "0-1"]
[WhiteCountry "USA"]
[BlackCountry "USA"]
[WhiteElo "1571"]
[WhiteRD "55"]
[BlackElo "1695"]
[BlackRD "51"]
[GameID "463909"]

1. g3 d5 2. Bg2 c6 3. Nf3 Nf6 4. O-O g6 5. d4 Bg7 6. Nbd2 O-O 7. b3 Bf5 8. Bb2 Nbd7 9. c4 e6 10. Nh4 Be4
11. f3 Bf5 12. Nxf5 exf5 13. e4 fxe4 14. fxe4 dxe4 15. Nxe4 Re8 16. Re1 Nh5 17. Qd2 Ne5 18. Rad1 Ng4 19. d5 cxd5 20. Bxg7 Kxg7
21. Qxd5 Qb6+ 22. Qd4+ Qxd4+ 23. Rxd4 Rad8 24. Rxd8 Rxd8 25. Nf2 Nxf2 26. Kxf2 Rd7 27. Bd5 Nf6 28. Rd1 Nxd5 29. cxd5 Kf6 30. Kf3 Ke5
31. d6 Rxd6 32. Rxd6 Kxd6 33. Ke4 f5+ 34. Kd4 b6 35. a3 Ke6 36. b4 Kd6 37. a4 g5 38. h3 h5 39. b5 Ke6
0-1

[Event "Beth Harmon Took the Red and Blue Pill"]
[Site "SchemingMind.com"]
[Date "2020.12.28"]
[Round "-"]
[White "kenneth m day"]
[Black "Steven DuCharme"]
[Result "1-0"]
[WhiteCountry "USA"]
[BlackCountry "USA"]
[WhiteElo "1707"]
[WhiteRD "52"]
[BlackElo "1554"]
[BlackRD "55"]
[GameID "463910"]

1. e4 c5 2. d4 e6 3. Nf3 cxd4 4. c3 Nf6 5. e5 Nd5 6. cxd4 Bb4+ 7. Bd2 O-O 8. Nc3 Nxc3 9. bxc3 Be7 10. Bd3 Nc6
11. h4 d6 12. Qc2 h6 13. g4 dxe5 14. dxe5 Qd5 15. Be4 Qc5 16. Be3 Qa3 17. Kf1 Bd7 18. g5 h5 19. g6 f5 20. exf6 Bxf6
21. Rd1 Rfd8 22. Kg2 Qxc3 23. Qxc3 Bxc3 24. Rd3 Ne5 25. Rxc3
1-0

[Event "Beth Harmon Took the Red and Blue Pill"]
[Site "SchemingMind.com"]
[Date "2020.12.28"]
[Round "-"]
[White "Transcendent"]
[Black "kenneth m day"]
[Result "1-0"]
[WhiteCountry "ENG"]
[BlackCountry "USA"]
[WhiteElo "1984"]
[WhiteRD "68"]
[BlackElo "1695"]
[BlackRD "51"]
[GameID "463911"]

1. d4 Nf6 2. c4 e5 3. dxe5 Ng4 4. Bf4 Nc6 5. Nf3 Bb4+ 6. Nbd2 Qe7 7. e3 Ngxe5 8. Nxe5 Nxe5 9. Be2 Ng6 10. Bxc7 d6
11. Qa4+ Kf8 12. Qxb4 Qxc7 13. Nf3 Ke7 14. O-O Re8 15. Rfd1 Rd8 16. Rd4 a5 17. Qd2 Be6 18. Ng5 h6 19. Nxe6 fxe6 20. Bh5 Ne5
21. Rd1 Nxc4 22. Qc2 Rac8 23. Qg6 Ne5 24. Qxg7+
1-0

[Event "Beth Harmon Took the Red and Blue Pill"]
[Site "SchemingMind.com"]
[Date "2020.12.28"]
[Round "-"]
[White "kenneth m day"]
[Black "Transcendent"]
[Result "0-1"]
[WhiteCountry "USA"]
[BlackCountry "ENG"]
[WhiteElo "1695"]
[WhiteRD "51"]
[BlackElo "1984"]
[BlackRD "68"]
[GameID "463912"]

1. e4 e6 2. d4 d5 3. Nd2 Nf6 4. e5 Nfd7 5. Bd3 c5 6. c3 Nc6 7. Ne2 cxd4 8. cxd4 f6 9. f4 fxe5 10. fxe5 Nxd4
11. Nxd4 Qh4+ 12. g3 Qxd4 13. Nf3 Qb6 14. Qe2 Nc5 15. Bc2 Bd7 16. Nd4 Ne4 17. Be3 Bb4+ 18. Kd1 O-O 19. Bxe4 dxe4 20. Rc1 Ba4+
21. b3 Be8 22. Bf2 Bh5 23. Nf3 exf3 24. Bxb6 fxe2+
0-1

[Event "Beth Harmon Took the Red and Blue Pill"]
[Site "SchemingMind.com"]
[Date "2021.01.06"]
[Round "-"]
[White "Steven DuCharme"]
[Black "Derek Price"]
[Result "0-1"]
[WhiteCountry "USA"]
[BlackCountry "ENG"]
[WhiteElo "1571"]
[WhiteRD "55"]
[BlackElo "2240"]
[BlackRD "74"]
[GameID "464287"]

1. Nf3 Nf6 2. b3 d6 3. d4 g6 4. Bb2 Bg7 5. Nbd2 O-O 6. e4 c6 7. Be2 Nh5 8. O-O Nf4 9. Re1 Nd7 10. Bf1 Nb6
11. Nc4 Nxc4 12. Bxc4 b5 13. Bf1 Bd7 14. e5 Qc7 15. g3 Nh3+ 16. Bxh3 Bxh3 17. Ng5 Bf5 18. g4 Bd7 19. f4 Rae8 20. e6 fxe6
21. Qd2 e5 22. dxe5 Bxg4 23. h3 Bf5 24. exd6 Qb6+ 25. Kh2 Bxb2 26. Rab1 Ba3 27. dxe7 Bxe7
0-1

[Event "Beth Harmon Took the Red and Blue Pill"]
[Site "SchemingMind.com"]
[Date "2021.01.07"]
[Round "-"]
[White "Derek Price"]
[Black "Steven DuCharme"]
[Result "1-0"]
[WhiteCountry "ENG"]
[BlackCountry "USA"]
[WhiteElo "2249"]
[WhiteRD "74"]
[BlackElo "1554"]
[BlackRD "55"]
[GameID "464288"]

1. c4 Nf6 2. g3 c6 3. Bg2 d5 4. cxd5 cxd5 5. Nf3 Nc6 6. O-O g6 7. d4 Bg7 8. Ne5 O-O 9. Nc3 Be6 10. Nxc6 bxc6
11. Bf4 a5 12. Na4 Nd7 13. e3 f6 14. Rc1 g5 15. Rxc6 gxf4 16. Rxe6 Kf7 17. Bxd5 fxe3 18. Rxf6+ Kxf6 19. Qg4 e2 20. Qf4+ Kg6
21. Be4+ Kh5 22. Qh4#
1-0

[Event "Beth Harmon Took the Red and Blue Pill"]
[Site "SchemingMind.com"]
[Date "2021.01.06"]
[Round "-"]
[White "Derek Price"]
[Black "Transcendent"]
[Result "1/2-1/2"]
[WhiteCountry "ENG"]
[BlackCountry "ENG"]
[WhiteElo "2188"]
[WhiteRD "68"]
[BlackElo "2065"]
[BlackRD "62"]
[GameID "464289"]

1. c4 e5 2. Nc3 Bb4 3. g3 Bxc3 4. dxc3 d6 5. Bg2 Nc6 6. Nf3 h6 7. O-O Be6 8. b3 Nge7 9. Qd2 Qd7 10. Rd1 Bh3
11. Bh1 O-O-O 12. a4 f5 13. a5 e4 14. Nd4 g5 15. Nxc6 Qxc6 16. Qd4 a6 17. f3 Rhg8 18. fxe4 fxe4 19. Bxe4 Qe8 20. Be3 Nc6
21. Qd3 Ne5 22. Qd5 c6 23. Qd4 Rf8 24. Kh1 Ng4 25. Bg1 Nf6 26. Bf3 g4 27. Qa7 gxf3 28. Qa8+ Kd7= 29. Qxb7+ Ke6 30. exf3 Qd7
31. Qxa6 Ra8 32. Qb6 Kf7 33. Qe3 Rfe8 34. Qf4 Re2 35. Bd4 Qf5 36. Qxf5 Bxf5 37. Bxf6 Kxf6 38. Rxd6+ Kf7 39. Rxc6 Bh3 40. Rc5 Rae8
41. Rg1 Ra2 42. Rh5 Bd7 43. Rxh6 Ree2 44. Rh4=
1/2-1/2

[Event "Beth Harmon Took the Red and Blue Pill"]
[Site "SchemingMind.com"]
[Date "2021.01.06"]
[Round "-"]
[White "Transcendent"]
[Black "Derek Price"]
[Result "1/2-1/2"]
[WhiteCountry "ENG"]
[BlackCountry "ENG"]
[WhiteElo "2065"]
[WhiteRD "62"]
[BlackElo "2188"]
[BlackRD "68"]
[GameID "464290"]

1. d4 d5 2. c4 c6 3. Nf3 Nf6 4. e3 e6 5. b3 Nbd7 6. Qc2 b6 7. Bd3 Bb7 8. Bb2 Bd6 9. Nc3 Rc8 10. e4 dxe4
11. Nxe4 Nxe4 12. Bxe4 Nf6 13. O-O Nxe4 14. Qxe4 O-O 15. Rfe1 Re8 16. Qg4 Qf6 17. Ne5= Qf5 18. Qxf5 exf5 19. Bc3 f6 20. Nd3 b5
21. c5 Bc7 22. Rxe8+ Rxe8 23. Re1 Rxe1+ 24. Bxe1 Kf7 25. g3 g5 26. f4= Ke6 27. Kf2 Kd5 28. Ke3 a5 29. a3 Bd8 30. Bd2 Bc8
31. Be1 Be6 32. Bd2 Bf7 33. Nc1 Ke6 34. Ne2 Kd7 35. b4 axb4 36. axb4 Bc4 37. Nc3 Ke6 38. Be1 Be7 39. Bd2 h6 40. Be1 Bd8
41. Bd2 Bc7=
1/2-1/2

[Event "Beth Harmon Took the Red and Blue Pill"]
[Site "SchemingMind.com"]
[Date "2021.01.06"]
[Round "-"]
[White "Derek Price"]
[Black "kenneth m day"]
[Result "1-0"]
[WhiteCountry "ENG"]
[BlackCountry "USA"]
[WhiteElo "2236"]
[WhiteRD "79"]
[BlackElo "1704"]
[BlackRD "52"]
[GameID "464291"]

1. c4 Nf6 2. g3 c5 3. Bg2 Nc6 4. Nc3 e6 5. Nf3 d5 6. cxd5 exd5 7. d4 Be7 8. O-O O-O 9. Bg5 h6 10. Bxf6 Bxf6
11. dxc5 Be6 12. Rc1 Rc8 13. Qa4 Re8 14. Rfd1 Qe7 15. e3 Qxc5 16. Nxd5 Qa5 17. Nxf6+ gxf6 18. Qxa5 Nxa5 19. Rxc8 Rxc8 20. Nd4 b6
21. Nxe6 fxe6 22. Bh3 f5 23. e4 Rf8 24. exf5 exf5 25. Rd7 Rf7 26. Rxf7 Kxf7 27. Bxf5 Nc4 28. b3 Nd6 29. Bd3 Nb7 30. Bc4+ Kf6
31. f4 Nd6 32. Bd3 Nb7 33. Kf2 Nc5 34. Ke3 Ke6 35. g4 Kf6 36. h4 Ne6 37. g5+ hxg5 38. hxg5+ Kg7 39. Bc4 Nf8 40. f5 Nd7
41. Kf4 Nf8 42. f6+ Kg6 43. Bd3+ Kf7 44. Kf5 a5 45. g6+ Nxg6 46. Bc4+
1-0

[Event "Beth Harmon Took the Red and Blue Pill"]
[Site "SchemingMind.com"]
[Date "2021.01.06"]
[Round "-"]
[White "kenneth m day"]
[Black "Derek Price"]
[Result "0-1"]
[WhiteCountry "USA"]
[BlackCountry "ENG"]
[WhiteElo "1695"]
[WhiteRD "51"]
[BlackElo "2240"]
[BlackRD "74"]
[GameID "464292"]

1. e4 c5 2. d4 cxd4 3. c3 Nf6 4. e5 Nd5 5. Bc4 Qc7 6. Qe2 Nb6 7. Bb3 Nc6 8. Nf3 d5 9. O-O Bg4 10. Bf4 e6
11. Nbd2 dxc3 12. bxc3 Be7 13. h3 Bh5 14. g4 Bg6 15. Rac1 Ba3 16. Rcd1 O-O 17. Nh4 Ne7 18. Qe3 Rac8 19. Nb1 Bxb1 20. Rxb1 Qxc3
21. Qxc3 Rxc3 22. Kg2 Nc4 23. Nf3 Rc8 24. Nd4 Ng6 25. Be3 Rxe3 26. Bxc4 Nf4+ 27. Kh2 Rxh3+ 28. Kg1 Rxc4 29. Rxb7 Rxd4 30. Rxa7 Bf8
0-1

[Event "Beth Harmon Took the Red and Blue Pill"]
[Site "SchemingMind.com"]
[Date "2021.01.15"]
[Round "-"]
[White "Phillip Beckett"]
[Black "Steven DuCharme"]
[Result "0-1"]
[WhiteCountry "ENG"]
[BlackCountry "USA"]
[WhiteElo "1445"]
[WhiteRD "50"]
[BlackElo "1571"]
[BlackRD "55"]
[GameID "464529"]

1. d4 Nf6 2. e3 e6 3. Bd3 b6 4. f4 Bb7 5. Nf3 Be7 6. c3 d6 7. O-O O-O 8. Nbd2 Nbd7 9. Qe2 c5 10. e4 a6
11. e5 dxe5 12. fxe5 Nd5 13. Ne4 f5 14. Nd6 Bxd6 15. exd6 Qe8 16. Ne5 cxd4 17. Nxd7 Qxd7 18. Qe5 Rad8 19. Bg5 Nf6 20. cxd4 Qxd6
21. Bxf6 gxf6 22. Qxd6 Rxd6 23. Bc4 b5 24. Bb3 Rxd4 25. Bxe6+ Kh8 26. Bxf5 Rd2 27. Rf2 Rfd8 28. Raf1 Rxf2 29. Rxf2 Rd1+ 30. Rf1 Rxf1+
31. Kxf1 Kg7 32. Kf2 h6 33. g3 a5 34. Bd7 b4 35. Ke3 Kf7 36. Kf4 Bd5 37. Bf5 Bxa2 38. Bd7 Bb3 39. Bb5 a4 40. Ke3 a3
41. bxa3 bxa3
0-1

[Event "Beth Harmon Took the Red and Blue Pill"]
[Site "SchemingMind.com"]
[Date "2021.01.14"]
[Round "-"]
[White "Derek Price"]
[Black "Phillip Beckett"]
[Result "1-0"]
[WhiteCountry "ENG"]
[BlackCountry "ENG"]
[WhiteElo "2240"]
[WhiteRD "74"]
[BlackElo "1445"]
[BlackRD "50"]
[GameID "464530"]

1. c4 e5 2. Nc3 Nf6 3. Nf3 Nc6 4. g3 d5 5. cxd5 Nxd5 6. Bg2 Be6 7. O-O f6 8. d4 exd4 9. Nxd4 Nxc3 10. bxc3 Nxd4
11. cxd4 c6 12. Rb1 Qc7 13. Bf4 Qd7 14. Qa4 Be7 15. Rxb7 Qxb7 16. Bxc6+ Bd7 17. Bxb7 Bxa4 18. Bxa8 O-O 19. Bd5+ Kh8 20. Rb1 Ba3
21. Rb8 Rxb8 22. Bxb8 a6 23. Ba7 Bb5 24. e4 g6 25. Bc5 Kg7 26. Bxa3
1-0

[Event "Beth Harmon Took the Red and Blue Pill"]
[Site "SchemingMind.com"]
[Date "2021.01.14"]
[Round "-"]
[White "Phillip Beckett"]
[Black "Derek Price"]
[Result "0-1"]
[WhiteCountry "ENG"]
[BlackCountry "ENG"]
[WhiteElo "1445"]
[WhiteRD "50"]
[BlackElo "2240"]
[BlackRD "74"]
[GameID "464531"]

1. d4 d5 2. c4 c6 3. cxd5 cxd5 4. Nc3 Nf6 5. Bg5 e6 6. e3 Be7 7. Bd3 O-O 8. Nf3 h6 9. Bh4 Nc6 10. O-O a6
11. Rc1 Bd7 12. Qc2 Rc8 13. Qb1 g5 14. Bg3 Nh5 15. Ne5 Nxg3 16. hxg3 Nxe5 17. dxe5 Kg7 18. f4 Bc5 19. Rfe1 gxf4 20. gxf4 Qh4
21. Bf1 Qxf4 22. Kh1 Bxe3 23. Rcd1 Qh4#
0-1

[Event "Beth Harmon Took the Red and Blue Pill"]
[Site "SchemingMind.com"]
[Date "2021.01.14"]
[Round "-"]
[White "Phillip Beckett"]
[Black "Transcendent"]
[Result "0-1"]
[WhiteCountry "ENG"]
[BlackCountry "ENG"]
[WhiteElo "1453"]
[WhiteRD "52"]
[BlackElo "2009"]
[BlackRD "64"]
[GameID "464532"]

1. d4 Nf6 2. c4 g6 3. Nc3 d5 4. cxd5 Nxd5 5. e4 Nxc3 6. bxc3 Bg7 7. Bc4 c5 8. Qb3 O-O 9. Ne2 Nc6 10. O-O cxd4
11. cxd4 Na5 12. Qd3 Nxc4 13. Qxc4 Be6 14. Qd3 Rc8 15. Be3 Bc4 16. Qd2 Bxe2 17. Qxe2 Bxd4 18. Bxd4 Qxd4 19. Rfd1 Qe5 20. Rac1 Rxc1
21. Rxc1 Rd8 22. g3 Rd4 23. f4 Rxe4 24. fxe5 Rxe2 25. Rc8+ Kg7 26. Rc7 Rxe5 27. Rxb7 a5 28. Ra7 e6 29. Kf2 Rb5 30. a4 Rd5
31. Ke3 g5 32. Ke4 Kg6 33. g4 f5+ 34. gxf5+ Rxf5 35. Ra6 Kf6 36. Ra7 Rf4+ 37. Ke3 Rxa4 38. Rxh7 Rh4 39. Ra7 a4 40. Kf2 Rxh2+
41. Kg3 Rh4
0-1

[Event "Beth Harmon Took the Red and Blue Pill"]
[Site "SchemingMind.com"]
[Date "2021.01.14"]
[Round "-"]
[White "Transcendent"]
[Black "Phillip Beckett"]
[Result "1-0"]
[WhiteCountry "ENG"]
[BlackCountry "ENG"]
[WhiteElo "2009"]
[WhiteRD "64"]
[BlackElo "1453"]
[BlackRD "52"]
[GameID "464533"]

1. e4 e5 2. Nf3 Nc6 3. Bb5 a6 4. Ba4 Nf6 5. O-O Be7 6. Re1 b5 7. Bb3 O-O 8. c3 d5 9. exd5 Nxd5 10. Nxe5 Nxe5
11. Rxe5 c6 12. d4 Bd6 13. Re1 Qh4 14. g3 Qh3 15. Re4 g5 16. Qf1 Qxf1+ 17. Kxf1 f5 18. Re1 f4 19. Kg2 fxg3 20. hxg3 h6
21. Nd2 Bf5 22. Ne4 Bxe4+ 23. Rxe4 Rae8 24. Rxe8 Rxe8 25. a4 Kg7 26. axb5 axb5 27. Bxd5 cxd5 28. Ra7+ Kg8 29. Rd7 Bf8 30. Rxd5 Re1
31. Be3 Rb1 32. Rxb5 Kh7 33. d5
1-0

[Event "Beth Harmon Took the Red and Blue Pill"]
[Site "SchemingMind.com"]
[Date "2021.01.14"]
[Round "-"]
[White "Phillip Beckett"]
[Black "kenneth m day"]
[Result "0-1"]
[WhiteCountry "ENG"]
[BlackCountry "USA"]
[WhiteElo "1445"]
[WhiteRD "50"]
[BlackElo "1695"]
[BlackRD "51"]
[GameID "464534"]

1. e4 e5 2. Nf3 Nc6 3. Bb5 a6 4. Ba4 Nf6 5. O-O Be7 6. Re1 b5 7. Bb3 O-O 8. d4 Nxd4 9. Nxd4 exd4 10. e5 Ne8
11. Qxd4 c5 12. Qe4 Ra7 13. c3 c4 14. Bc2 g6 15. Bh6 Ng7 16. Bxg7 Kxg7 17. Nd2 Bb7 18. Qe3 Ra8 19. Ne4 Rc8 20. Nd6 Bxd6
21. exd6 Qf6 22. Qe5 Qxe5 23. Rxe5 Rfe8 24. Rae1 Re6 25. Rxe6 fxe6 26. Be4 Bxe4 27. Rxe4 Kf6 28. Rd4 e5 29. Rh4 h5 30. f4 Ke6
31. fxe5 Kxe5 32. Rd4 Rc6 33. Kf2 Rxd6 34. Rxd6 Kxd6 35. Ke3 Ke5 36. h4 Kf5 37. Kf3 d6 38. g3 d5 39. a3 a5 40. Kg2 Ke4
41. Kf2 Kd3 42. Kf3 Kc2
0-1

[Event "Beth Harmon Took the Red and Blue Pill"]
[Site "SchemingMind.com"]
[Date "2021.01.14"]
[Round "-"]
[White "kenneth m day"]
[Black "Phillip Beckett"]
[Result "1-0"]
[WhiteCountry "USA"]
[BlackCountry "ENG"]
[WhiteElo "1695"]
[WhiteRD "51"]
[BlackElo "1445"]
[BlackRD "50"]
[GameID "464535"]

1. e4 e5 2. f4 Qh4+ 3. g3 Qe7 4. d3 exf4 5. Bxf4 c6 6. Nc3 d5 7. e5 f6 8. Qe2 fxe5 9. Bxe5 Nd7 10. Bf4 Qxe2+
11. Bxe2 Ngf6 12. O-O-O Bb4 13. Bd2 O-O 14. a3 Bxc3 15. Bxc3 Nb6 16. Nf3 Bg4 17. h3 Bxf3 18. Bxf3 Na4 19. Be5 Nd7 20. Bxd5+ Kh8
21. Bd6 Rf2 22. Bb3 Nac5 23. Ba2 Re8 24. Rde1 Ree2 25. Rxe2 Rxe2 26. Kd1 Re8 27. Re1 Rxe1+ 28. Kxe1 Na6 29. Be6 Ndc5 30. Bg4 h6
31. Bf5 g5 32. Ke2 Kg7 33. b3 Kf6 34. Bg4 Ne6 35. Ke3 Nac7 36. Ke4 Nd5 37. Be5+ Kf7 38. Bh5+ Ke7 39. Bg4 Nf6+ 40. Kf5 Ng7+
41. Kg6
1-0

[Event "Beth Harmon Took the Red and Blue Pill"]
[Site "SchemingMind.com"]
[Date "2021.01.23"]
[Round "-"]
[White "Steven DuCharme"]
[Black "ramesse"]
[Result "0-1"]
[WhiteCountry "USA"]
[BlackCountry "SVK"]
[WhiteElo "1571"]
[WhiteRD "55"]
[BlackElo "2413"]
[BlackRD "151"]
[GameID "707314"]

1. e4 c5 2. f4 d5 3. Bb5+ Bd7 4. Qe2 dxe4 5. Bxd7+ Qxd7 6. Qxe4 Nf6 7. Qf3 Nc6 8. c3 e5 9. d3 c4 10. dxc4 O-O-O
11. Nd2 exf4 12. Ne2 Bc5 13. b4 Be3 14. Nd4 Rhe8 15. Kd1 Nxd4 16. cxd4 Qxd4 17. Qe2 Qc3
0-1

[Event "Beth Harmon Took the Red and Blue Pill"]
[Site "SchemingMind.com"]
[Date "2021.01.24"]
[Round "-"]
[White "ramesse"]
[Black "Steven DuCharme"]
[Result "1-0"]
[WhiteCountry "SVK"]
[BlackCountry "USA"]
[WhiteElo "2413"]
[WhiteRD "151"]
[BlackElo "1571"]
[BlackRD "55"]
[GameID "707315"]

1. e4 c6 2. d4 d5 3. e5 Bf5 4. Nf3 e6 5. Be2 Nd7 6. O-O h6 7. Nbd2 g5 8. Nb3 g4 9. Ne1 h5 10. f3 Nh6
11. Nd3 Qh4 12. Bf4 b6 13. Qd2 Qd8 14. Rac1 a5 15. a4 Bxd3 16. Bxd3 gxf3 17. Rxf3 Nf5 18. Rcf1 Bh6 19. Bxf5 Bxf4 20. Qxf4 exf5
21. Qxf5 Qe7 22. Nc1 O-O-O 23. Qxf7 Qxf7 24. Rxf7 Nf8 25. R1f6
1-0

[Event "Beth Harmon Took the Red and Blue Pill"]
[Site "SchemingMind.com"]
[Date "2021.01.24"]
[Round "-"]
[White "Derek Price"]
[Black "ramesse"]
[Result "0-1"]
[WhiteCountry "ENG"]
[BlackCountry "SVK"]
[WhiteElo "2207"]
[WhiteRD "67"]
[BlackElo "2568"]
[BlackRD "73"]
[GameID "707316"]

1. c4 e5 2. Nc3 Nf6 3. Nf3 Nc6 4. g3 d5 5. cxd5 Nxd5 6. Bg2 Nb6 7. O-O Be7 8. d3 O-O 9. Be3 Re8 10. Rc1 Bf8
11. a3 Nd4 12. Ne4 h6 13. Bd2 Be6 14. Nxd4 exd4 15. Re1 c6 16. e3 dxe3 17. Bxe3 Qd7 18. Nc5 Bxc5 19. Bxc5 Rad8 20. Re3 Nc4
21. Re2 Nb6 22. Re3 Nc4 23. Re2= Bg4 24. f3 Be6 25. Bf2 Nb6 26. Bf1 Bd5 27. Bg2 Rxe2 28. Qxe2 Re8 29. Qd2 Qf5 30. g4 Qf6
31. Rf1 Na4 32. Qc2 Nb6 33. Qd2 Nd7 34. b4 b6 35. d4 b5 36. Qc3 Nb6 37. Re1 Ra8 38. Bg3 Nc4 39. Bc7 Qg6 40. h3 f5
41. Qd3 Qf7 42. Be5 f4 43. Qc3 a5 44. bxa5 Rxa5 45. Bd6 Ra8 46. Re7 Qg6 47. Bc5 Ne3 48. Qe1 Qc2 49. Qf2 Qc1+ 50. Kh2 Rxa3
51. Bxa3 Qxa3 52. Re8+ Kh7 53. h4 Qd3 54. g5 b4 55. gxh6 b3 56. hxg7 Qc2 57. Qg1 b2 58. Rb8 Kxg7 59. Kh1 Kh6 60. Rh8+ Kg7
61. Rb8 Kf7 62. Rb7+ Kf6 63. Rb8 Nxg2 64. Qxg2 b1=Q+ 65. Rxb1 Qxb1+ 66. Kh2 Qa2 67. Qxa2 Bxa2 68. Kh3 Be6+ 69. Kg2 Kg6 70. Kf2 Kh5
71. Kf1 Kxh4 72. Kg2 Bc4 73. Kf2 Kh3
0-1

[Event "Beth Harmon Took the Red and Blue Pill"]
[Site "SchemingMind.com"]
[Date "2021.01.24"]
[Round "-"]
[White "ramesse"]
[Black "Derek Price"]
[Result "1-0"]
[WhiteCountry "SVK"]
[BlackCountry "ENG"]
[WhiteElo "2506"]
[WhiteRD "101"]
[BlackElo "2181"]
[BlackRD "72"]
[GameID "707317"]

1. e4 c5 2. Nf3 d6 3. d4 cxd4 4. Nxd4 Nf6 5. Nc3 a6 6. Be3 e5 7. Nb3 Be7 8. f3 Be6 9. Qd2 O-O 10. O-O-O Nbd7
11. g4 b5 12. g5 b4 13. Ne2 Ne8 14. f4 a5 15. f5 Bxb3 16. cxb3 a4 17. bxa4 Rxa4 18. Kb1 Rxa2 19. Nc1 Ra8 20. Nb3 Qc7
21. Bb5 Rb8 22. Qd5 Nb6 23. Qd3 Ra8 24. Rc1 Qa7 25. Rc6 Qa2+ 26. Kc2 Na4 27. Rb1 d5 28. f6 dxe4 29. Qf1 Bd8 30. Bc4 Nxb2
31. Rxb2 Qa4 32. Bb5 Qa3 33. Kb1 g6 34. Bc5 e3 35. Qh3 h5 36. Bc4 Qa4 37. Qg2 Qa3 38. Bxf8 Kxf8 39. Qd5 Qa7 40. Ra6
1-0

[Event "Beth Harmon Took the Red and Blue Pill"]
[Site "SchemingMind.com"]
[Date "2021.01.23"]
[Round "-"]
[White "Phillip Beckett"]
[Black "ramesse"]
[Result "0-1"]
[WhiteCountry "ENG"]
[BlackCountry "SVK"]
[WhiteElo "1440"]
[WhiteRD "48"]
[BlackElo "2204"]
[BlackRD "312"]
[GameID "707318"]

1. d4 d5 2. e3 Nf6 3. Bd3 c6 4. Nd2 Bg4 5. f3 Bh5 6. Ne2 Nbd7 7. O-O e5 8. dxe5 Nxe5 9. Ng3 Bg6 10. Bxg6 hxg6
11. e4 Bc5+ 12. Kh1 Nfg4 13. fxg4 Rxh2+ 14. Kxh2 Qh4#
0-1

[Event "Beth Harmon Took the Red and Blue Pill"]
[Site "SchemingMind.com"]
[Date "2021.01.23"]
[Round "-"]
[White "ramesse"]
[Black "Phillip Beckett"]
[Result "1-0"]
[WhiteCountry "SVK"]
[BlackCountry "ENG"]
[WhiteElo "2413"]
[WhiteRD "151"]
[BlackElo "1445"]
[BlackRD "50"]
[GameID "707319"]

1. e4 e5 2. Nf3 Nc6 3. Bb5 a6 4. Ba4 Nf6 5. O-O Be7 6. Re1 b5 7. Bb3 O-O 8. c3 d5 9. exd5 Nxd5 10. Nxe5 Nxe5
11. Rxe5 Nf6 12. d4 Bd6 13. Re1 Ng4 14. h3 Qh4 15. Qf3 Nxf2 16. Qxf2 Bh2+ 17. Kf1 Bg3 18. Qd2 Bxh3 19. gxh3 Bxe1 20. Qg2 Rae8
21. Nd2 Bg3 22. Nf3 Re1+ 23. Nxe1 Qf6+ 24. Nf3 Bd6 25. Bg5 Qf5 26. Bc2 Qe6 27. Re1 Qc4+ 28. Kf2 c5 29. Bxh7+ Kxh7 30. Bf6 gxf6
31. Rg1
1-0

[Event "Beth Harmon Took the Red and Blue Pill"]
[Site "SchemingMind.com"]
[Date "2021.01.23"]
[Round "-"]
[White "Transcendent"]
[Black "ramesse"]
[Result "0-1"]
[WhiteCountry "ENG"]
[BlackCountry "SVK"]
[WhiteElo "1984"]
[WhiteRD "68"]
[BlackElo "2413"]
[BlackRD "151"]
[GameID "707320"]

1. d4 d5 2. c4 c6 3. Nf3 Nf6 4. e3 e6 5. b3 Nbd7 6. Bb2 Bd6 7. Bd3 O-O 8. O-O b6 9. Nc3 Bb7 10. Qc2 Re8
11. e4 dxc4 12. bxc4 e5 13. d5 Nc5 14. Rad1= cxd5 15. cxd5 a6 16. a4 Nxd3 17. Qxd3 b5 18. axb5 axb5 19. Nxb5 Ba6
0-1

[Event "Beth Harmon Took the Red and Blue Pill"]
[Site "SchemingMind.com"]
[Date "2021.01.23"]
[Round "-"]
[White "ramesse"]
[Black "Transcendent"]
[Result "1-0"]
[WhiteCountry "SVK"]
[BlackCountry "ENG"]
[WhiteElo "2441"]
[WhiteRD "113"]
[BlackElo "2009"]
[BlackRD "64"]
[GameID "707321"]

1. e4 e6 2. d4 d5 3. Nc3 Bb4 4. e5 c5 5. a3 Bxc3+ 6. bxc3 Qc7 7. Qg4 Ne7 8. Bd3 cxd4 9. Ne2 Qxe5 10. Bf4 Qf6
11. Bg5 Qe5 12. cxd4 h5 13. Qh4 Qc7 14. O-O Nbc6 15. Bf4 Qd7 16. Qg3 O-O 17. Rfe1 f6 18. Rad1 Kf7 19. c4 dxc4 20. Bxc4 Nd5
21. Nc3 Nce7 22. Qf3 g6 23. Nxd5 exd5 24. Ba2 Kg7 25. Rc1
1-0

[Event "Beth Harmon Took the Red and Blue Pill"]
[Site "SchemingMind.com"]
[Date "2021.01.24"]
[Round "-"]
[White "ramesse"]
[Black "kenneth m day"]
[Result "1-0"]
[WhiteCountry "SVK"]
[BlackCountry "USA"]
[WhiteElo "2413"]
[WhiteRD "151"]
[BlackElo "1695"]
[BlackRD "51"]
[GameID "707322"]

1. e4 e5 2. Nf3 Nc6 3. Bb5 a6 4. Ba4 Nf6 5. O-O Nxe4 6. d4 b5 7. Bb3 d5 8. dxe5 Be6 9. Nbd2 Nc5 10. c3 d4
11. Bxe6 Nxe6 12. cxd4 Nexd4 13. Nxd4 Nxd4 14. Nb3 c5 15. Nxd4 cxd4 16. a4 b4 17. Qg4 g6 18. Qe4 Bg7 19. Bg5 Qb8 20. Qc6+ Kf8
21. e6 f6 22. e7+ Kxe7 23. Rfe1+ Kf8 24. Qc5+ Kg8 25. Re7 h6 26. Rxg7+ Kxg7 27. Qe7+ Kg8 28. Qe6+ Kf8 29. Qxf6+ Kg8 30. Qe6+ Kf8
31. Be7+ Kg7 32. Qf6+ Kg8 33. Qxg6#
1-0